00261cam a22000857a 4500008004000000100001800040245006200058260004600120300000900166180718b2000 xxu||||| |||| 00| 0 eng d aSingh, Swaran aImproving management of slums in Chennaicby Swaran Singh aBirminghambSchool of Public Policyc2000 av.p.